000 00492nam a2200181Ia 4500
008 090123s9999 xx 000 0 und d
082 _b28386
100 _aपै शिरीष
245 _aरानपाखरे
250 _a1
260 _bमनोरमा प्रकाशन
_c1998
300 _a200
600 _aपै शिरीष
630 _aरानपाखरे
700 _aपै शिरीष
730 _aरानपाखरे
942 _cBOOK
999 _c66913
_d66913